Statistics for African Countries by First 2 Letters - 45 Second Sprint

Click here to take the quiz!

General Stats

  • This quiz has been taken 286 times
  • The average score is 48 of 54

Answers on the Map

Answers color-coded by a green-red scale on the quiz's map according to % correct below.
Loading ...
 

Answer Stats

country% Correct
Mauritius
99%
Mauritania
99%
Mali
99%
Malawi
99%
Madagascar
99%
Algeria
98%
D.R. Congo
98%
Liberia
98%
Libya
98%
Morocco
97%
Mozambique
97%
South Africa
97%
Egypt
97%
Somalia
97%
Ivory Coast
97%
South Sudan
97%
Rep of the
Congo
96%
Comoros
95%
Niger
93%
Nigeria
93%
Ethiopia
92%
Chad
91%
Tunisia
91%
Sudan
91%
Ghana
90%
Angola
90%
Cape Verde
89%
Cameroon
89%
Eritrea
88%
Burundi
88%
Burkina Faso
88%
Gambia
87%
Gabon
87%
Central African
Republic
87%
Lesotho
85%
Namibia
85%
Kenya
85%
Tanzania
85%
Seychelles
84%
Togo
84%
Senegal
84%
Botswana
83%
Benin
83%
Guinea-Bissau
82%
Guinea
82%
Uganda
82%
Zambia
81%
Equatorial
Guinea
80%
Zimbabwe
80%
Eswatini
79%
Djibouti
79%
Rwanda
78%
Sierra Leone
77%
São Tomé
and Príncipe
70%

Score Distribution

Percentile by Number Answered

Percent of People with Each Score

Your Score History

You have not taken this quiz